Quick Pick: Thanksgiving Dates (US) Quiz Stats

Quiz Updated Nov 23, 2017

Challenge
Share
Tweet
Embed
Score 0/7 Timer 00:30
0 Plays Today
% Correct
24
94.8%
25
93.2%
23
91.6%
26
91.5%
27
87.9%
22
79.3%
28
65.3%

Today's Daily Dose

Missing Word
Fruity Song Titles

Quick Pick
Double Blanks

On This Day
June 22nd II

You're not logged in!

Compare scores with friends on all Sporcle quizzes.
Join for Free
OR
Log In

You Might Also Like...

Show Comments

Extras

Top Quizzes Today


Score Distribution

Your Account Isn't Verified!

In order to create a playlist on Sporcle, you need to verify the email address you used during registration. Go to your Sporcle Settings to finish the process.

Report this User

Report this user for behavior that violates our Community Guidelines.

Details: